Normal view
MARC view
Entry Personal Name
001 - CONTROL NUMBER
- control field: 3546
003 - CONTROL NUMBER IDENTIFIER
- control field: ARRUPE
005 - DATE AND TIME OF LATEST TRANSACTION
- control field: 20131112125330.0
008 - FIXED-LENGTH DATA ELEMENTS
- fixed length control field: 131112|| aca||aabn | a|a d
040 ## - CATALOGING SOURCE
- Original cataloging agency: ARRUPE
- Transcribing agency: ARRUPE
100 ## - HEADING--PERSONAL NAME
- Personal name: Gaskell, Elizabeth Cleghorn,
- Dates associated with a name: 1810-1865.
670 ## - SOURCE DATA FOUND
- Source citation: Work cat.: (ARRUPE)0: Gaskell, Elizabeth Cleghorn, 1810-1865., The life of Charlotte Brontë /, 1997.